| 000 | 01586nam a2200409 a 4500 | ||
|---|---|---|---|
| 001 | vtls001466776 | ||
| 003 | NLI | ||
| 005 | 20210627130253.0 | ||
| 008 | 121201m1980uuuudcu i f000 0 eng | ||
| 039 | 9 |
_y201212011837 _zVLOAD |
|
| 040 |
_aNLI _beng _cDatasoft_FOD _eAACR2 |
||
| 041 | 0 | _aeng | |
| 044 | _a dcu | ||
| 082 | 0 | 4 | _a 658.562 |
| 110 | 1 |
_aUnited States. _bDepartment of Defense _9706104 |
|
| 245 | 1 | 0 |
_aIndex of specifications and standards / _cUnited States Department of Defense |
| 260 |
_aWashington, D. C. : _bThe Departement, _c1980- |
||
| 300 |
_a-v. ; _c27 cm. |
||
| 310 |
_aAnnual _b1980- |
||
| 500 | _aLibrary has Part. 2 | ||
| 505 | 0 | _aPart. 2. Numerical listing | |
| 550 | _aVols. for 1960, 1964- issued by: U.S. Dept. of Defense; 1961-1963 by: Armed Forces Supply Support Center (1962-1963 by its Defense Supply Agency). | ||
| 650 | 0 | _aSpecifications | |
| 650 | 0 | _aStandards, Engineering | |
| 651 | 0 |
_aUnited States _xArmed Forces _xSupplies and stores _xStandards _91019278 |
|
| 651 | 0 |
_aUnited States _xArmed Forces _xSupplies and stores _xStandards _vIndexes _91019279 |
|
| 710 | 1 |
_aUnited States. _bArmed Forces Supply Support Center. _bStandardization Division _91019280 |
|
| 710 | 1 |
_aUnited States. _bArmed Forces Supply Support Center _91019281 |
|
| 710 | 1 |
_aUnited States. _bDefense Supply Agency _9733866 |
|
| 740 | 0 | 2 | _aNumerical listing |
| 887 | _a | ||
| 901 |
_aAD 83135 _b16.08.2010 _9pt.2 |
||
| 902 | _aU.S 658.562 Un 3 | ||
| 904 | _lC 7894 | ||
| 949 |
_AVIRTUAITEM _D10002 _X100 _6FOD000083135ENG _9pt.2 |
||
| 942 |
_2ddc _cBKS |
||
| 999 |
_aVIRTUA40 _c919087 _d919087 |
||